000 00281nam a22001337a 4500
008 170627b xxu||||| |||| 00| 0 eng d
020 _a9780073100388
041 _aeng
080 _a82
100 _a21
101 _aGJL
245 _aMYTHOLOGY
_cGENOVESE, E.N
942 _2udc
_cBK
999 _c19297
_d19297